000 00221nam a2200109Ia 4500
100 _aCIMI-DGET
942 _cBK
245 _aMACHINIST-IIND YEAR PRACTICALS.
260 _bCIMI
_aChennai
546 _aENGLISH
999 _c34752
_d34752